Teorías de la comunicación de masas

Kaydedildi:
Detaylı Bibliyografya
Asıl Yazarlar: De Fleur, Melvin Lawrence (Yazar), Ball Rokeach, Sandra J (Yazar)
Materyal Türü: Kitap
Dil:İspanyolca
Baskı/Yayın Bilgisi: Barcelona Paidos Ibérica 1986
Seri Bilgileri:Paidos comunicación, 2
Konular:
Etiketler: Etiketle
Etiket eklenmemiş, İlk siz ekleyin!

MARC

LEADER 00000nam a2200000 a 4500
001 UCY3824
003 CL-VaPUC
008 950119e19860000SP |||||||||||||||||spa|d
082 0 4 |a 302.23  |b DEF  |2 21 
100 0 |a De Fleur, Melvin Lawrence  |e author  |9 332232 
700 0 |a Ball Rokeach, Sandra J  |e author  |9 332233 
245 1 0 |a Teorías de la comunicación de masas 
300 |a 349 p 
942 |c BK 
945 |d 19950119 00:00:00  |a rbrito 
260 |a Barcelona  |b Paidos Ibérica  |c 1986 
650 0 |a Medios de comunicación de masas  |9 257273 
650 0 |a Comunicación   |9 257251 
583 |a last modification  |c 19950119 00:00:00  |k Rodrigo Vera 
490 0 |a Paidos comunicación, 2 
999 |c 231870  |d 231868 
952 |0 0  |1 0  |2 ddc  |4 0  |6 302_230000000000000_DEF_1986  |7 0  |8 A  |9 235641  |a BIBCUR  |b BIBCUR  |c GEN  |d 2019-11-15  |i 3054144  |l 1  |o 302.23 DEF 1986  |p 3054144  |r 2025-04-22  |s 2024-05-02  |w 2019-11-15  |y BK  |k PER 
952 |0 0  |1 0  |4 0  |6 302_230000000000000_DEF_1986  |7 0  |8 A  |9 235642  |a BIBEDU  |b BIBEDU  |d 2019-11-15  |i 1534297  |o 302.23 DEF 1986  |p 1534297  |r 2019-11-15  |w 2019-11-15  |y BK  |k EDU